LEADER 01013nam a2200241 u 4500 001 000000002951 003 CaOOAMICUS 005 20070226104503.0 008 940530s1949 fr u000 u fre u 035 $a10074883 040 $aPUL(R)$bita 100 1 $aBrisson, Jean-Paul.$0(OLS)http://pul/name/3125 245 10$aGloire et misère de l'Afrique chrétienne /$cJean-Paul Brisson. 260 $aParis :$bR. Laffont,$c[1949] 300 $a3 f.p., [9]-318, [2] p. ;$c20 cm 490 1 $aBibliothèque chrétienne d'histoire. 651 4$aAfrica$xStoria ecclesiastica.$0(OLS)http://pul/subject/2613 830 0$aBibliothèque chrétienne d'histoire.$0(OLS)http://pul/title/4301 850 $aPUL 852 $aPUL$W1$xDP1 Fondo Cecchetti$y53$m267 I 33$j3927$nBK-PRI$b $qFondi$B3927$CPULBib$Z2$F3927 $HPUL2047 $81 941 1 $a1 996 $6245$aGloire et misère de l'Afrique chrétienne$9(OLS)http://pul/title/4300 996 $6260$aParis :$bR. Laffont$9(OLS)http://pul/publisher/49615 LEADER 01562nam a2200277 a 4500 001 000000155433 003 CaOOAMICUS 005 20161025103339.0 008 161025s1976 it u000 u ita r 032 $aLibriCat 040 $aPUL$bita 100 1 $aRocco, Giuseppe,$d1956-$0(OLS)http://pul/name/78078 245 10$aContributo allo studio ed alla interpretazione della dottrina sociale dello Spedalieri con particolare riguardo al problema dell'origine della sovranità civile /$cGiuseppe Rocco. 260 $aRoma :$bPontificia Università S. Tommaso d'Aquino,$c1976. 300 $a105 p. ;$c24 cm. 500 $aIn testa al front.: Pontificia Studiorum Universitas a St. Thoma Aq. in Urbe. 502 $aEstratto da tesi -- Pontificiam Universitatem S. Thomae de Urbe, Facultate S. Theologiae, 1976. 504 $aBibliografia in nota. 600 14$aSpedalieri, Nicola,$csac.,$d1740-1795.$0(OLS)http://pul/subject/22661 710 2 $aPontificia Università S. Tommaso.$bFacoltà di teologia.$kTesi.$0(OLS)http://pul/name/81834 850 $aPUL 852 $aPUL$W1$xDP1 Tesi Pon. Univ. S. Tommaso$y44$mTH S.THOM TH544$j178558$qTesi$B181734$CPULBib$Z2$F181734 $H42322 $81 941 1 $a16 996 $6245$aContributo allo studio ed alla interpretazione della dottrina sociale dello Spedalieri con particolare riguardo al problema dell'origine della sovranità civile$9(OLS)http://pul/title/195098 996 $6260$aRoma :$bPontificia Università S. Tommaso d'Aquino$9(OLS)http://pul/publisher/74417